| 000 | 01664aam a2200589 4500 | ||
|---|---|---|---|
| 005 | 20251121190217.0 | ||
| 008 | 150525b2015 xxu||||| |||| 00| 0 spa d | ||
| 020 | _a9786071513038 | ||
| 041 | _aESP | ||
| 082 | _a519.5 L742e16 | ||
| 100 |
_aLind, Douglas A. _91488 |
||
| 100 | _aMarchal, William G. | ||
| 100 | _aWathen, Samuel A. | ||
| 245 | _aEstadística aplicada a los negocios y la economía | ||
| 250 | _a16 edición | ||
| 260 | _aMéxico | ||
| 260 | _bMcGraw-Hill | ||
| 260 | _c2015 | ||
| 300 | _a735 páginas | ||
| 490 | _aDirección y Administración de Empresas | ||
| 490 | _aGestión de Calidad | ||
| 650 | _aESTADÍSTICA | ||
| 650 | _aDESCRIPCIÓN DE DATOS | ||
| 650 | _aTABLAS DE FRECUENCIAS | ||
| 650 | _aMEDIDAS NUMÉRICAS | ||
| 650 | _aPRESENTACIÓN DE DATOS | ||
| 650 | _aANÁLISIS DE DATOS | ||
| 650 | _aPROBABILIDAD | ||
| 650 | _aNÚMEROS ÍNDICE | ||
| 650 | _aMÉTODOS NO PARAMÉTRICOS | ||
| 650 | _aSERIES DE TIEMPO | ||
| 650 | _aSERVICIOS DE PROYECCIÓN | ||
| 650 | _aCONTROL ESTADÍSTICO DEL PROCESO | ||
| 650 | _aADMINISTRACIÓN DE LA CALIDAD | ||
| 650 | _aDISTRIBUCIONES DISCRETAS | ||
| 650 | _aPROBABILIDAD CONTINUA | ||
| 650 | _aMÉTODOS DE MUESTREO | ||
| 650 | _aESTIMACIONES | ||
| 650 | _aPRUEBAS DE HIPÓTESIS | ||
| 650 | _aPRUEBA DE DOS COLAS | ||
| 650 | _aPRUEBA DE UNA COLA | ||
| 650 | _aREGRESIÓN LINEAL | ||
| 650 | _aCORRELACIÓN | ||
| 650 | _aANÁLISIS VARIANZA | ||
| 650 | _aSERIES DE TIEMPO | ||
| 650 | _aSERIES DE PROYECCIÓN | ||
| 650 | _aCONTROL ESTADÍSTICO | ||
| 650 | _aTEORÍA DE DECISIONES | ||
| 942 |
_cBK _2ddc |
||
| 999 |
_c7756 _d7756 |
||